First responder / (Record no. 4157)

MARC details
000 -LEADER
fixed length control field 01016nac a22002891u 4500
010 ## - LIBRARY OF CONGRESS CONTROL NUMBER
LC control number 90014359
020 ## - INTERNATIONAL STANDARD BOOK NUMBER
International Standard Book Number 0893032263 (annotated instructor's ed. : pbk.)
020 ## - INTERNATIONAL STANDARD BOOK NUMBER
International Standard Book Number 0893037338 (pbk.)
020 ## - INTERNATIONAL STANDARD BOOK NUMBER
International Standard Book Number 0893031917
082 00 - DEWEY DECIMAL CLASSIFICATION NUMBER
Classification number 616.0252
Item number B4967
090 ## - LOCALLY ASSIGNED LC-TYPE CALL NUMBER (OCLC); LOCAL CALL NUMBER (OCLC)
-- 4157
-- 4157
100 ## - MAIN ENTRY--PERSONAL NAME
Personal name Bergeron, J. David,
245 10 - TITLE STATEMENT
Title First responder /
Statement of responsibility, etc J. David Bergeron ; Gloria Bizjak, contributing editor.
250 ## - EDITION STATEMENT
Edition statement 3rd ed., Annotated instructor's ed.
260 ## - PUBLICATION, DISTRIBUTION, ETC. (IMPRINT)
Place of publication, distribution, etc Englewood Cliffs, N.J. :
Name of publisher, distributor, etc Brady,
Date of publication, distribution, etc c1991.
300 ## - PHYSICAL DESCRIPTION
Extent xxx, 513p. :
Other physical details col. ill. ;
Dimensions 28 cm.
500 ## - GENERAL NOTE
General note At head of title: Brady.
500 ## - GENERAL NOTE
General note Includes index.
650 #0 - SUBJECT ADDED ENTRY--TOPICAL TERM
Topical term or geographic name as entry element Medical emergencies.
650 #0 - SUBJECT ADDED ENTRY--TOPICAL TERM
Topical term or geographic name as entry element Emergencies.
650 #0 - SUBJECT ADDED ENTRY--TOPICAL TERM
Topical term or geographic name as entry element Emergency Medical Technicians.
650 #0 - SUBJECT ADDED ENTRY--TOPICAL TERM
Topical term or geographic name as entry element First Aid.
700 1# - ADDED ENTRY--PERSONAL NAME
Personal name Bizjak, Gloria.
700 1# - ADDED ENTRY--PERSONAL NAME
Personal name Wall, David M. [ed]
942 ## - ADDED ENTRY ELEMENTS (KOHA)
Item type Book - Borrowing
Call number prefix 616.0252B4967
Holdings
Withdrawn status Item status Damaged status Not for loan Home library Current library Shelving location Date acquired Source of acquisition Total Checkouts Total Renewals Full call number Barcode Date last seen Date last borrowed Koha item type
        Central Library Central Library First floor 23/08/2007 Purchase 1 2 616.0252 BER 000000259 15/07/2025 17/12/2016 Book - Borrowing